C++ Programming: (Record no. 14669)
[ view plain ]
| 000 -LEADER | |
|---|---|
| fixed length control field | 00397nam a22001457a 4500 |
| 003 - CONTROL NUMBER IDENTIFIER | |
| control field | URS |
| 005 - DATE AND TIME OF LATEST TRANSACTION | |
| control field | 20220114171741.0 |
| 008 - FIXED-LENGTH DATA ELEMENTS--GENERAL INFORMATION | |
| fixed length control field | 170531b xxu||||| |||| 00| 0 eng d |
| 020 ## - INTERNATIONAL STANDARD BOOK NUMBER | |
| International Standard Book Number | 9812433775 |
| 050 ## - LIBRARY OF CONGRESS CALL NUMBER | |
| Classification number | QA76.73.C153 |
| Item number | M251 |
| 100 ## - MAIN ENTRY--PERSONAL NAME | |
| Personal name | Malik, D.S |
| 245 ## - TITLE STATEMENT | |
| Title | C++ Programming: |
| Remainder of title | From problem analysis to program design |
| Statement of responsibility, etc. | D.S. Malik |
| 260 ## - PUBLICATION, DISTRIBUTION, ETC. | |
| Name of publisher, distributor, etc. | Thomson Learning Asia |
| Date of publication, distribution, etc. | 2002 |
| 942 ## - ADDED ENTRY ELEMENTS (KOHA) | |
| Source of classification or shelving scheme | Library of Congress Classification |
| Koha item type | Foreign Books |
| Withdrawn status | Source of classification or shelving scheme | Damaged status | Not for loan | Collection code | Home library | Current library | Shelving location | Date acquired | Total Checkouts | Full call number | Barcode | Date last seen | Price effective from | Koha item type | Copy number |
|---|---|---|---|---|---|---|---|---|---|---|---|---|---|---|---|
| Library of Congress Classification | Non-fiction | Binangonan College Library | Binangonan College Library | Foreign Section | 06/07/2023 | QA76.73.C153 M251 | URSBIN-01341 | 05/31/2017 | 05/31/2017 | Foreign Books | |||||
| Library of Congress Classification | Non-fiction | Binangonan College Library | Binangonan College Library | Foreign Section | 06/07/2023 | QA76.73.C153 M251 | URSBIN-01368 | 05/31/2017 | 05/31/2017 | Foreign Books | |||||
| Library of Congress Classification | Reference | Morong College Library | Morong College Library | 11/05/2019 | QA 76.73.C153 .M295 2002 | URSMOR-CL-25621 | 01/21/2001 | 01/16/2023 | Foreign Books | 1 |